| 000 | 00804nam a2200217 a 4500 | ||
|---|---|---|---|
| 001 | 000044458 | ||
| 005 | 20201002045404.0 | ||
| 008 | 140702s2009 bl ac 000 0 spa d | ||
| 020 | _a9788576171744 | ||
| 040 |
_aDO-SdBNP _bspa _cBNPHU |
||
| 082 |
_axxxx _bxxxx |
||
| 100 | 1 |
_aSilva, Yara da _d1950- _972476 |
|
| 245 | 1 | 0 |
_aTia Carmem : _bnegra tradiçaõ da Praça Onze / _cYara da Silva. |
| 260 |
_aRio de Janeiro : _bFundaçaõ Biblioteca Nacional _bGaramond, _c2009. |
||
| 300 |
_a146 p. : _bil. retrs. ; _c21 cm. |
||
| 490 | 1 | _aPersonalidades negras | |
| 500 | _aIncluye referencias bibliográficas y notas al pie de las páginas | ||
| 500 | _aIncluye datos biográficos del autor en la solapa de la contracubierta | ||
| 504 | _aBibliografía : p. 145-146 | ||
| 830 | 0 |
_aPersonalidades negras _959292 |
|
| 999 |
_c43947 _d43947 |
||